000 00892njm a2200349 c 4500
001
003 DO-SdBNP
005 20250205085234.0
008 160127s 2005 sp d spa
015 _a
017 _a
_b
020 _a8497647092
028 0 0 _a
_b
035 _a
040 _aBPMSU
_bspa
_cBPMSU
_e
082 4 _a921.954
_bB927F 2005
_222
084 _a
_2
100 1 _aFrutos Sánchez, David de,
_d1976-
_4
240 1 0 _a
_n
_r
245 1 0 _aBuda /
_cDavid de Frutos Sánchez.
260 _aMadrid :
_bEdimat Libros,
_c[2005]
300 _a191 p. ;
_c23 cm.
_e
_b
490 0 _aGrandes biografías
500 _a
504 _aBibliografía. p.: 187-188
505 0 _a
590 _6Inventariado, 2022/VM
600 1 4 _aBuda,
_d567-483 a. de J. C.
_vBiografías
650 4 _aBudismo
910 _aVMateo V. Control de calidad. BPMSU
942 _2ddc
_cBK
999 _c14265
_d14265